000 00300nam a22001337a 4500
008 190129b xxu||||| |||| 00| 0 eng d
020 _a0125967500
041 _aeng
080 _a371
100 _a25
101 _aEDU
245 _aSocial Learning and Cognition
_cRosenthal, T.L
942 _2udc
_cBK
999 _c53892
_d53892